Statystyki dla Taco Hemingway- Cafe Belga

Kliknij tutaj aby rozwiązać quiz!

Ogólne statystyki

  • Ten quiz został rozwiązany 437 razy
  • Średni wynik to 8 z 11

Statystyki odpowiedzi

Utwór% Poprawnych
1Cafe Belga
98%
2ZTM
84%
6Fiji
83%
4Reżyseria: Kubrick
73%
3Wszystko na niby
73%
52031
72%
8Motorola
70%
10Adieu
65%
114 AM in Girona
64%
9Modigliani
62%
7Abonent jest czasowo niedostępny
56%

Rozkład punktacji

Percentyl według liczby udzielonych odpowiedzi

Procent ludzi z każdym wynikiem

Twoja historia wyników

Nie rozwiązałeś tego quizu